ZHU Palm of My Hand French outro lyrics - Statistics

General Stats
  • This quiz has been taken 3 times
  • The average score is 64 of 169
Answer Stats
Lyrics % Correct
à
100%
de
100%
et
100%
je
100%
Je
100%
tu...
100%
tu
100%
un
100%
va
100%
avec
50%
bouche
50%
ça
50%
Ça
50%
ce
50%
C'est
50%
c'est
50%
cheveux
50%
chose
50%
es
50%
impossible
50%
j'y
50%
la
50%
les
50%
mais
50%
Mais
50%
parti
50%
que
50%
rêve
50%
toi
50%
ton
50%
toujours
50%
visage
50%
yeux
50%
ai
0%
Alors
0%
aussi
0%
avais
0%
c'était
0%
chaque
0%
cru
0%
dans
0%
demande
0%
dire
0%
doigts
0%
échapper
0%
Encore
0%
encore
0%
entre
0%
façon
0%
faire
0%
fermes
0%
fois
0%
J'crois
0%
jour
0%
J'pense
0%
laissé
0%
l'autre
0%
main
0%
marchera
0%
m'as
0%
m'avais
0%
me
0%
même
0%
nous
0%
ou
0%
pas
0%
paume
0%
penses
0%
pour
0%
pourquoi
0%
poursuis
0%
puis
0%
quand
0%
reparti
0%
rester
0%
revenu
0%
rêves
0%
revois
0%
s'arrêter
0%
serai
0%
si
0%
ta
0%
tes
0%
Tout
0%
tout
0%
toute
0%
t'y
0%
No matching quizzes found
Score Distribution
Percent of People with Each Score
Percentile by Number Answered
Your Score History
You have not taken this quiz